000 00318nam a22001337a 4500
008 260323b ||||| |||| 00| 0 eng d
020 _a9789951057363
041 _aeng
080 _a821.111
100 _a25
101 _aTregime
245 _aSi u bënë kafshët siç janë sot
_cRudyard Kipling
942 _2udc
_cBK
999 _c60916
_d60916